Úkolový sadzobník 10 Sanitná inštalácia

Bibliographic Details
Format: Book
Language:Slovak
PhysicalDescription:59, [5] s. 12°
Published: Praha Ústav normování ve stavebnictví 1964
Edition:1. vyd.
Subjects:

MARC

LEADER 00000cam a2200000 a 4500
001 vtls008335417
003 SK-MaSNL
005 20260301095449.0
008 230403s1964 xr f 000 0 slo
015 |a SNBA1964/10-02124 
035 |a SK01SNK19640027634 
035 |a urn:nbn:sk:snk-am3hij6 
035 |a 68926ABF-E1C6-4F4D-A86E-DA12A119FF0F 
035 |a urn:nbn:sk:snk-am00d1jt 
035 |a SKM000030097 
040 |a SNK  |b slo  |c SNK  |e AACR2 
041 0 |a slo 
044 |a xr  |c CZ 
080 |a 658.531:696.1(083.74)  |2 1981 
080 |a 696.1(083.74)  |2 1981 
245 0 0 |a Úkolový sadzobník  |n 10  |p Sanitná inštalácia 
246 3 0 |a Sanitná inštalácia 
250 |a 1. vyd. 
260 |a Praha  |b Ústav normování ve stavebnictví  |c 1964  |e Martin  |f Tlačiarne Slovenského národného povstania 
300 |a 59, [5] s.  |c 12° 
366 |e 1500 výtl. 
500 |a P. Bibliografický katalóg ČSSR - České knihy 3473/1964 
500 |a Spoluvyd. min. staveb. a ÚV odb. svazu zaměstnanců ve staveb. prům. Pozn. 
650 0 7 |a sanitárne inštalácie  |2 SNKPH  |9 119551 
655 7 |a príručky  |2 SNKPH  |9 74364 
655 7 |a sadzobníky  |2 SNKPH  |9 74712 
852 |a Slovenská národná knižnica 
954 |a odborná, vedecká literatúra pôvodná (slovenská)  |2 lita 
958 |a TL 
958 |a RK 
958 |a CZ 
958 |a OND 
958 |a EUIPO 
999 |c 683201  |d 685131 
952 |a SNK  |b SNK  |y PREZ  |7 0  |p 17A0744238  |o snkSE 3643/10  |i snkKSP 1889/64  |0 0  |1 0  |4 0  |d 2018-04-11  |f 1  |l 0  |r 2026-02-23 20:03:27  |w 2026-02-23 
952 |a SNK  |b SNK  |y VYP  |7 0  |p 17A1190614  |o snkSE 3643/10 D1  |i snkKSP 1890/64  |0 0  |1 0  |4 0  |d 2018-09-26  |l 0  |r 2026-02-23 20:03:27  |w 2026-02-23